| Tag |
First Indicator |
Second Indicator |
Subfields |
| LEADER |
00000cam a2200000 a 4500 |
| 001 |
in00001007337 |
| 005 |
20150927215129.0 |
| 008 |
910603s1991 fr a b 00100 fre d |
| 020 |
|
|
|a 2130433073 :
|c 198.00F
|
| 035 |
|
|
|a (OCoLC)23873286
|
| 035 |
|
|
|9 AFD5764AM
|
| 040 |
|
|
|a AZU
|c AZU
|d UtOrBLW
|
| 043 |
|
|
|a e-fr---
|
| 049 |
|
|
|a TXAM
|
| 090 |
|
|
|a PQ231
|b .P7 1991
|
| 245 |
0 |
0 |
|a Précis de littérature française du XVIe siècle :
|b la Renaissance /
|c sous la direction de Robert Aulotte.
|
| 250 |
|
|
|a 1re éd.
|
| 264 |
|
1 |
|a Paris :
|b Presses universitaires de France,
|c [1991]
|
| 264 |
|
4 |
|c ©1991
|
| 300 |
|
|
|a 458 pages :
|b illustrations ;
|c 24 cm.
|
| 336 |
|
|
|a text
|b txt
|2 rdacontent
|
| 337 |
|
|
|a unmediated
|b n
|2 rdamedia
|
| 338 |
|
|
|a volume
|b nc
|2 rdacarrier
|
| 504 |
|
|
|a Includes bibliographical references (pages [430]-451) and index.
|
| 650 |
|
0 |
|a French literature
|y 16th century
|x History and criticism.
|
| 700 |
1 |
|
|a Aulotte, Robert.
|
| 999 |
|
|
|a MARS
|
| 999 |
f |
f |
|s 032aec7b-a9a8-326b-b479-f4104e4f7369
|i 68224366-4054-3596-9c8d-e9c68e9a2e8e
|t 0
|
| 952 |
f |
f |
|p normal
|a Texas A&M University
|b College Station
|c Sterling C. Evans Library
|d Evans: Library Stacks
|t 0
|e PQ231 .P74 1991
|h Library of Congress classification
|i unmediated -- volume
|m A14815172437
|
| 998 |
f |
f |
|a PQ231 .P74 1991
|t 0
|l Evans: Library Stacks
|